|
|
|
|
| LEADER |
00000nas a22000007a 4500 |
| 001 |
ssj0005192 |
| 003 |
WaSeSS |
| 005 |
20200512172242.0 |
| 006 |
m d |
| 007 |
cr n |
| 008 |
950125c19959999mduer p s 0 a0eng c |
| 010 |
|
|
|a sn 95007091
|
| 022 |
|
|
|l 1080-7187
|y 1080-7187
|
| 035 |
|
|
|a (WaSeSS)ssj0005192
|
| 037 |
|
|
|b Phillips Business Information, 1201 Seven Locks Rd., Ste. 300, Potomac, MD 20854
|c $697.00
|
| 040 |
|
|
|a NSD
|b eng
|c NSD
|d OCLCQ
|d AU@
|d OCLCQ
|d OCLCF
|d OCLCO
|d WaSeSS
|
| 042 |
|
|
|a nsdp
|a pcc
|
| 082 |
1 |
0 |
|a 384
|2 12
|
| 210 |
0 |
|
|a Phillips Bus. Inf. PCS week
|
| 222 |
|
0 |
|a Phillips Business Information's PCS week
|
| 245 |
0 |
0 |
|a Phillips Business Information's PCS week
|h [electronic resource] :
|b news and analysis of personal communications business, technology and policy.
|
| 246 |
3 |
0 |
|a PCS week
|
| 260 |
|
|
|a Potomac, MD :
|b Phillips Business Information
|
| 310 |
|
|
|a Biweekly
|
| 362 |
1 |
|
|a Began in 1995?
|
| 500 |
|
|
|a Also available electronically via Newsnet and Predicasts.
|
| 506 |
|
|
|a License restrictions may limit access.
|
| 588 |
|
|
|a Description based on: Vol. 6, no. 4 (Feb. 8, 1995).
|
| 650 |
|
0 |
|a Personal communication service systems
|v Periodicals.
|
| 650 |
|
0 |
|a Wireless communication systems
|v Periodicals.
|
| 650 |
|
7 |
|a Personal communication service systems.
|2 fast
|0 (OCoLC)fst01058572
|
| 650 |
|
7 |
|a Wireless communication systems.
|2 fast
|0 (OCoLC)fst01176209
|
| 655 |
|
0 |
|a Electronic journals.
|
| 780 |
0 |
0 |
|t PCS news
|x 1051-3833
|w (DLC)sn 93002178
|w (OCoLC)28448923
|
| 856 |
4 |
0 |
|z Full text available from Research Library: 05/17/1995 to 09/15/1999
|u https://search.proquest.com/publication/46422
|